<?xml version="1.0" encoding="UTF-8"?>
<collection xmlns="http://www.loc.gov/MARC21/slim">
 <record>
  <leader>01358nam a2200181Ia 4500</leader>
  <controlfield tag="001">CTU_29748</controlfield>
  <controlfield tag="008">210402s9999    xx            000 0 und d</controlfield>
  <datafield tag="082" ind1=" " ind2=" ">
   <subfield code="a">330.9</subfield>
  </datafield>
  <datafield tag="082" ind1=" " ind2=" ">
   <subfield code="b">D928</subfield>
  </datafield>
  <datafield tag="100" ind1=" " ind2=" ">
   <subfield code="a">Sanjyot P Dunung</subfield>
  </datafield>
  <datafield tag="245" ind1=" " ind2="0">
   <subfield code="a">Kinh doanh ở Châu á (ấn Độ, Trung Quốc, Nhật Bản, Singapore, Philippines, Hà Quốc, Sri Lanka, Indonesia, Thái Lan, Malaysia, ...): Cẩm nang hướng dẫn (Sách tham khảo)</subfield>
  </datafield>
  <datafield tag="245" ind1=" " ind2="0">
   <subfield code="c">Sanjyot P Dunung</subfield>
  </datafield>
  <datafield tag="260" ind1=" " ind2=" ">
   <subfield code="a">Hà Nội</subfield>
  </datafield>
  <datafield tag="260" ind1=" " ind2=" ">
   <subfield code="b">Chính Trị Quốc Gia</subfield>
  </datafield>
  <datafield tag="260" ind1=" " ind2=" ">
   <subfield code="c">1998</subfield>
  </datafield>
  <datafield tag="520" ind1=" " ind2=" ">
   <subfield code="a">Sách cung cấp những thông tin cơ bản về địa lý, lịch sử, cơ cấu chính trị và tập quán làm ăn ở 19 nước và lãnh thổ tiêu biểu của Châu á; đồng thời đưa ra những chỉ dẫn cụ thể về cách thức tiến hành gặp gà, đàm phán, cũng như cách ăn mặc, các buổi chiêu đãi trong kinh doanh, các món quà tặng cùng múngố từ ngữ thông dụng của mỗi nước, các số điện thoại và địa chỉ cần thiết...</subfield>
  </datafield>
  <datafield tag="650" ind1=" " ind2=" ">
   <subfield code="a">asia - economic aspects,asia - economic conditions,asia - economic policy,asia - social aspects</subfield>
  </datafield>
  <datafield tag="980" ind1=" " ind2=" ">
   <subfield code="a">Trung tâm Học liệu Trường Đại học Cần Thơ</subfield>
  </datafield>
 </record>
</collection>
